Missing Word: Best Actor A-Z Quiz Stats

Quiz Updated Mar 8, 2015

Challenge
Share
Tweet
Embed
Score 0/22 Timer 03:00
2 Plays Today
Actor Answer % Correct
_____ Hopkins (A)Anthony
98.2%
_____ Wayne (J)John
94.8%
Jamie _____ (F)Foxx
89.3%
_____ Poitier (S)Sidney
88.5%
Paul _____ (N)Newman
87.5%
_____ Heston (C)Charlton
86.1%
Ben _____ (K)Kingsley
85%
Laurence _____ (O)Olivier
84%
Jeremy _____ (I)Irons
83.9%
_____ Hurt (W)William
83.8%
_____ Cooper (G)Gary
83.4%
Actor Answer % Correct
_____ Brynner (Y)Yul
82.8%
Jon _____ (V)Voight
81.8%
Spencer _____ (T)Tracy
80%
_____ Scofield (P)Paul
76.9%
_____ Marvin (L)Lee
75.6%
Geoffrey _____ (R)Rush
72.4%
Rex _____ (H)Harrison
71.5%
_____ Redmayne (E)Eddie
69.2%
Robert _____ (D)Duvall
59.3%
F. _____ Abraham (M)Murray
58%
Roberto _____ (B)Benigni
37.8%

Today's Daily Dose

You're not logged in!

Compare scores with friends on all Sporcle quizzes.
Sign Up with Email
OR
Log In

You Might Also Like...

Show Comments

Extras

Top Quizzes Today


Score Distribution

Your Account Isn't Verified!

In order to create a playlist on Sporcle, you need to verify the email address you used during registration. Go to your Sporcle Settings to finish the process.